| 000 | 01062cam a2200325 4500 | ||
|---|---|---|---|
| 008 | 090401t1987 xxu||||| |||| 00| 0 eng d | ||
| 020 | _a0704905302 | ||
| 035 | _a(Sirsi) u26119 | ||
| 041 | _aeng | ||
| 050 |
_a338.43690952 _c18 |
||
| 100 | _aBennett, John | ||
| 245 |
_aCapital and counties report _bJapanese construction industry |
||
| 260 |
_aReading _bCentre for Strategic Studies in Construction _c1987 |
||
| 300 |
_a83p. _bill. _c30cm. |
||
| 350 | _a30 | ||
| 505 | _aJapan: the essential background | ||
| 505 | _aConstruction's role in the Japanese economy | ||
| 505 | _aHow the big six operate | ||
| 505 | _aHow Japanese contractors will keep ahead | ||
| 505 | _aInternational construction: Japan's next target | ||
| 505 | _aHow the West should respond | ||
| 505 | _aGlossary of Japanese terms | ||
| 650 | _aJAPAN | ||
| 690 | _aBUILT ENVIRONMENT | ||
| 700 | _aFlanagan, Roger | ||
| 700 | _aNorman, George | ||
| 710 |
_aUniversity of Reading _bCentre for Strategic Studies in Construction _986 |
||
| 942 | _n0 | ||
| 948 | _c04/03/1997 | ||
| 999 |
_c88883 _d88883 |
||